Forest farming (Record no. 63224)
[ view plain ]
| 000 -LEADER | |
|---|---|
| fixed length control field | 01301nam a2200229 a 4500 |
| 008 - FIXED-LENGTH DATA ELEMENTS--GENERAL INFORMATION | |
| fixed length control field | 120416s1984 ||||||||||||||||| || u |
| 020 ## - INTERNATIONAL STANDARD BOOK NUMBER | |
| International Standard Book Number | 0946688303 |
| 050 ## - LIBRARY OF CONGRESS CALL NUMBER | |
| Classification number | SD 431 Dou |
| 100 ## - MAIN ENTRY--PERSONAL NAME | |
| Personal name | Douglas, Sholto J |
| 245 10 - TITLE STATEMENT | |
| Title | Forest farming |
| 246 ## - | |
| -- | towards a solution to problems of hunger and conservation |
| 260 ## - PUBLICATION, DISTRIBUTION, ETC. | |
| Place of publication, distribution, etc. | London |
| Name of publisher, distributor, etc. | Intermediate Technology Publications |
| Date of publication, distribution, etc. | 1984 |
| 300 ## - PHYSICAL DESCRIPTION | |
| Extent | xii, 207p. : ill. |
| 350 ## - | |
| -- | 0.00 |
| 650 ## - SUBJECT ADDED ENTRY--TOPICAL TERM | |
| Topical term or geographic name entry element | FOREST FARMING |
| 650 ## - SUBJECT ADDED ENTRY--TOPICAL TERM | |
| Topical term or geographic name entry element | FORESTRY |
| 995 ## - | |
| -- | ANNEX COLLECTION (Main Library) |
| -- | 0.00 |
| -- | 723500 |
| -- | CBU-MAIN LIBRARY (Kitwe) |
| -- | 5 |
| -- | 7.50 |
| -- | SD 431 Dou |
| -- | 1 |
| -- | AVAILABLE |
| -- | 013358 |
| -- | Annex Low-Usage Collection |
| 995 ## - | |
| -- | MAIN LIBRARY OPEN ACCESS |
| -- | 0.00 |
| -- | 723501 |
| -- | CBU-MAIN LIBRARY (Kitwe) |
| -- | 1 |
| -- | 7.50 |
| -- | SD 431 Dou |
| -- | 2 |
| -- | AVAILABLE |
| -- | 013359 |
| -- | Main Library Open Access Collection |
| 995 ## - | |
| -- | ANNEX COLLECTION (Main Library) |
| -- | 0.00 |
| -- | 730843 |
| -- | CBU-MAIN LIBRARY (Kitwe) |
| -- | 4 |
| -- | 7.50 |
| -- | SD 431 Dou |
| -- | 5 |
| -- | AVAILABLE |
| -- | 027999 |
| -- | Annex Low-Usage Collection |
| 995 ## - | |
| -- | ANNEX COLLECTION (Main Library) |
| -- | 0.00 |
| -- | 733505 |
| -- | CBU-MAIN LIBRARY (Kitwe) |
| -- | 3 |
| -- | 7.50 |
| -- | SD 431 Dou |
| -- | 4 |
| -- | AVAILABLE |
| -- | Jul 25, 2006 |
| -- | 45355 |
| -- | Annex Low-Usage Collection |
| 995 ## - | |
| -- | BINDERY (DAMAGED) |
| -- | 0.00 |
| -- | 731191 |
| -- | CBU-MAIN LIBRARY (Kitwe) |
| -- | 2 |
| -- | 7.50 |
| -- | SD 431 Dou |
| -- | 3 |
| -- | AVAILABLE |
| -- | Jul 25, 2006 |
| -- | 028261 |
| -- | Main Library Open Access Collection |
| 999 ## - | |
| -- | 63224 |
| -- | 63224 |
| Withdrawn status | Lost status | Source of classification or shelving scheme | Damaged status | Not for loan | Permanent Location | Current Location | Shelving location | Date acquired | Total Checkouts | Full call number | Barcode | Date last seen | Price effective from | Koha item type |
|---|---|---|---|---|---|---|---|---|---|---|---|---|---|---|
| CBU-MAIN LIBRARY, KITWE. | CBU-MAIN LIBRARY, KITWE. | 12/24/2022 | SD 431 Dou | 013358 | 12/24/2022 | 12/24/2022 | MONOGRAPH | |||||||
| CBU-MAIN LIBRARY, KITWE. | CBU-MAIN LIBRARY, KITWE. | 12/24/2022 | SD 431 Dou | 013359 | 12/24/2022 | 12/24/2022 | MONOGRAPH | |||||||
| Withdrawn | CBU-MAIN LIBRARY, KITWE. | CBU-MAIN LIBRARY, KITWE. | 12/24/2022 | SD 431 Dou | 027999 | 12/24/2022 | 12/24/2022 | MONOGRAPH | ||||||
| CBU-MAIN LIBRARY, KITWE. | CBU-MAIN LIBRARY, KITWE. | 12/24/2022 | SD 431 Dou | 45355 | 12/24/2022 | 12/24/2022 | MONOGRAPH | |||||||
| CBU-MAIN LIBRARY, KITWE. | CBU-MAIN LIBRARY, KITWE. | 12/24/2022 | SD 431 Dou | 028261 | 12/24/2022 | 12/24/2022 | MONOGRAPH |